00634cam a22001937a 4500003000500000005001700005008004100022010001000063011001000073035001000083040000900093100002200102245007400124260005600198300000900254490006800263650004100331830006800372CHAP20220329134855.0971013s r 00010 d a27307 a28279 a32382 cCHAP00aKelly, William C. 0aHorticultural training of graduate students from developing countries aIthaca, New York :bCollege of Agriculture,c(s.a.) a6 p. 0aCornell International Agricultural Development Mineographv; 1914aHorticulturaxEstudio y enseñanza.0 aCornell International Agricultural Development Mineographv; 19